[Event "Oregon Closed Championship"]
[Site "Portland, OR"]
[Date "2016.02.13"]
[Round "5"]
[White "Gatica, Jose Miguel"]
[Black "Russell, Corey John"]
[Result "0-1"]
[WhiteElo "2125"]
[BlackElo "2207"]
[PlyCount "116"]
[EventDate "2016.02.06"]
[EventType "tourn"]
[EventRounds "9"]
[EventCountry "USA"]

1. Nf3 e6 2. c4 d5 3. g3 Nf6 4. Bg2 c6 5. b3 Nbd7 6. O-O Be7 7. Bb2 O-O 8. d3
b5 9. Nbd2 a5 10. e4 bxc4 11. e5 cxd3 12. exf6 Bxf6 13. Qc1 c5 14. Re1 Ba6 15.
Ne5 Nxe5 16. Bxe5 Bxe5 17. Rxe5 Qd6 18. Qe1 Rac8 19. Qe3 c4 20. bxc4 Bxc4 21.
Qd4 f6 22. Ree1 Rc6 23. f4 Re8 24. Nf3 Qc5 25. Qxc5 Rxc5 26. Kf2 Rb5 27. Bf1
Rb2+ 28. Ke3 e5 29. fxe5 fxe5 30. Bxd3 Bxd3 31. Kxd3 e4+ 32. Kd4 Rb4+ 33. Kxd5
Rd8+ 34. Ke6 exf3 35. Rf1 Re4+ 36. Kf5 Re2 37. Kg4 Rd3 38. Rab1 h6 39. h4 f2
40. Rb8+ Kh7 41. Rf8 h5+ 42. Kh3 Ree3 43. R1xf2 Rxg3+ 44. Kh2 Rh3+ 45. Kg2 Rxh4
46. R8f5 Ra3 47. Rb5 Kh6 48. Rff5 Rxa2+ 49. Kg3 Rg4+ 50. Kf3 Ra3+ 51. Kf2 g6
52. Rxa5 Rxa5 53. Rxa5 h4 54. Kf3 Rg3+ 55. Kf4 g5+ 56. Kf5 Kh5 57. Ra6 Rf3+ 58.
Ke4 Rf4+ 0-1

[Event "Oregon Closed Championship"]
[Site "Portland, OR"]
[Date "2016.02.13"]
[Round "6"]
[White "Pendergast, Michael J"]
[Black "Gatica, Jose Miguel"]
[Result "1-0"]
[WhiteElo "2162"]
[BlackElo "2125"]
[PlyCount "97"]
[EventDate "2016.02.06"]
[EventType "tourn"]
[EventRounds "9"]
[EventCountry "USA"]

1. d4 Nf6 2. Bg5 c5 3. d5 Ne4 4. Bf4 d6 5. f3 Nf6 6. Nc3 g6 7. e4 Bg7 8. Bb5+
Bd7 9. a4 O-O 10. Nge2 a6 11. Bc4 Qc7 12. Qd2 b6 13. O-O Ra7 14. Ng3 Rb7 15.
Qe2 b5 16. axb5 axb5 17. Bxb5 Bxb5 18. Nxb5 Qb6 19. c4 Nfd7 20. Ra3 Na6 21. Bd2
Nb4 22. Bc3 Ne5 23. b3 Nd7 24. Bxg7 Kxg7 25. Rfa1 Rfb8 26. f4 Nf6 27. Ra5 Qd8
28. e5 Ne8 29. Ne4 f6 30. Nec3 Kg8 31. h3 f5 32. Kh2 Ng7 33. R5a4 Qf8 34. Ra5
Qd8 35. Kh1 Nh5 36. Qf3 Nc2 37. R1a2 Nb4 38. R2a4 Qf8 39. Kh2 Qd8 40. g3 Qf8
41. Qe2 Kh8 42. Ra1 Qd8 43. R5a4 Qf8 44. Ra7 Qd8 45. exd6 exd6 46. Qe6 Nc2 47.
Nxd6 Nxa1 48. Nxb7 Qc7 49. Nb5 1-0

[Event "Oregon Closed Championship"]
[Site "Portland, OR"]
[Date "2016.02.13"]
[Round "6"]
[White "Russell, Corey John"]
[Black "Smail, Benedict A"]
[Result "0-1"]
[WhiteElo "2207"]
[BlackElo "2091"]
[PlyCount "96"]
[EventDate "2016.02.06"]
[EventType "tourn"]
[EventRounds "9"]
[EventCountry "USA"]

1. d4 Nf6 2. c4 e6 3. a3 c5 4. e3 a6 5. Nf3 cxd4 6. exd4 d6 7. Nc3 Be7 8. Be2
b6 9. O-O O-O 10. b4 Nbd7 11. Bf4 Bb7 12. h3 Rc8 13. Nd2 Qc7 14. Re1 e5 15.
dxe5 dxe5 16. Bh2 Rfd8 17. Bf1 Bd6 18. Qc1 Nf8 19. Nde4 Nxe4 20. Nxe4 Be7 21.
Qb2 f6 22. Nc3 a5 23. Nb5 Qb8 24. f4 Ng6 25. fxe5 Nxe5 26. Rxe5 fxe5 27. Bxe5
Bf6 28. Bxf6 gxf6 29. Qxf6 Rc6 30. Qh4 Rg6 31. Ra2 Rd1 32. Nc3 Qd8 33. Qxd8+
Rxd8 34. Nd5 Kh8 35. Nf4 Rf6 36. g3 Rfd6 37. bxa5 bxa5 38. Rb2 Ba6 39. Be2 Rd4
40. Kg2 Bxc4 41. Bxc4 Rxc4 42. h4 Rc3 43. Rb7 Rg8 44. Nh5 Rxa3 45. Ra7 Rf8 46.
Ng7 a4 47. Nh5 Ra1 48. g4 Ra3 0-1

[Event "Oregon Closed Championship"]
[Site "Portland, OR"]
[Date "2016.02.13"]
[Round "6"]
[White "Austin, Jeff Jack"]
[Black "Morris, Michael J"]
[Result "1/2-1/2"]
[WhiteElo "2008"]
[BlackElo "2176"]
[PlyCount "89"]
[EventDate "2016.02.06"]
[EventType "tourn"]
[EventRounds "9"]
[EventCountry "USA"]

1. d4 Nf6 2. c4 g6 3. Nc3 Bg7 4. e4 d6 5. Nf3 O-O 6. Be2 e5 7. Be3 Ng4 8. Bg5
f6 9. Bh4 Nc6 10. d5 Ne7 11. Nd2 Nh6 12. f3 Bd7 13. b4 g5 14. Bf2 Ng6 15. c5
Nf7 16. b5 dxc5 17. Bxc5 Nd6 18. Nc4 Bc8 19. Qb3 Rf7 20. a4 Bf8 21. Bf2 Nf4 22.
Ne3 f5 23. Qc2 fxe4 24. fxe4 Qf6 25. O-O h5 26. Kh1 Qg6 27. Rae1 Be7 28. Bd1
Bd7 29. Bg1 Raf8 30. Be2 g4 31. Bd3 Nxd3 32. Qxd3 h4 33. Rxf7 Rxf7 34. Rf1 Rxf1
35. Nxf1 b6 36. Nd2 Qf6 37. Nc4 Nxc4 38. Qxc4 h3 39. Bxb6 hxg2+ 40. Kxg2 cxb6
41. d6+ Be6 42. dxe7 Bxc4 43. e8=Q+ Kg7 44. Qd7+ Kh6 45. Qc6 1/2-1/2

[Event "Oregon Closed Championship"]
[Site "Portland, OR"]
[Date "2016.02.13"]
[Round "6"]
[White "Bjorksten, Lennart"]
[Black "Talyansky, Seth"]
[Result "1/2-1/2"]
[WhiteElo "2155"]
[BlackElo "2066"]
[PlyCount "69"]
[EventDate "2016.02.06"]
[EventType "tourn"]
[EventRounds "9"]
[EventCountry "USA"]

1. d4 d5 2. c4 c6 3. Nc3 Nf6 4. e3 e6 5. Nf3 Nbd7 6. Ne5 Bb4 7. Bd2 O-O 8. f4
Bxc3 9. Bxc3 Nxe5 10. dxe5 Ne4 11. g3 Nxc3 12. bxc3 Qb6 13. Qc1 Qc5 14. cxd5
exd5 15. Bd3 Bh3 16. Kf2 f6 17. exf6 Rxf6 18. a4 g5 19. Qa3 Qb6 20. Rab1 Qc7
21. Qa2 Rf7 22. Qd2 Re8 23. Rhe1 Qe7 24. c4 gxf4 25. exf4 Qc5+ 26. Kf3 Rfe7 27.
Rxe7 Rxe7 28. Re1 Rxe1 29. Qxe1 dxc4 30. Qe8+ Kg7 31. Bxc4 Qxc4 32. Qe5+ Kf8
33. Qf6+ Kg8 34. Qg5+ Kh8 35. Qf6+ 1/2-1/2

[Event "Oregon Closed Championship"]
[Site "Portland, OR"]
[Date "2016.02.14"]
[Round "7"]
[White "Talyansky, Seth"]
[Black "Haessler, Carl A"]
[Result "0-1"]
[WhiteElo "2066"]
[BlackElo "2239"]
[PlyCount "74"]
[EventDate "2016.02.06"]
[EventType "tourn"]
[EventRounds "9"]
[EventCountry "USA"]

1. e4 d6 2. d4 Nf6 3. Nc3 Nbd7 4. g4 e5 5. Be3 c6 6. g5 Ng8 7. Qd2 Be7 8. O-O-O
h6 9. g6 fxg6 10. Nf3 g5 11. dxe5 dxe5 12. Rg1 Ngf6 13. Bxg5 Nh5 14. Bxe7 Qxe7
15. Bc4 Rf8 16. Rg6 Rf6 17. Nh4 Nf8 18. Rxf6 Qxf6 19. Nf5 Bxf5 20. exf5 Qxf5
21. Kb1 Nf6 22. Qd6 N6d7 23. f4 O-O-O 24. Qa3 exf4 25. Qxa7 Qc5 26. Qa4 Nb6 27.
Qa7 Rxd1+ 28. Nxd1 Nfd7 29. Bd3 Qg1 30. Kc1 f3 31. a4 Qg5+ 32. Kb1 Qd2 33. Nc3
f2 34. a5 Qxd3 35. cxd3 f1=Q+ 36. Kc2 Nd5 37. a6 Nb4+ 0-1

[Event "Oregon Closed Championship"]
[Site "Portland, OR"]
[Date "2016.02.14"]
[Round "7"]
[White "Morris, Michael J"]
[Black "Russell, Corey John"]
[Result "0-1"]
[WhiteElo "2091"]
[BlackElo "2207"]
[PlyCount "66"]
[EventDate "2016.02.06"]
[EventType "tourn"]
[EventRounds "9"]
[EventCountry "USA"]

1. e4 c5 2. Nc3 Nc6 3. g3 g6 4. Bg2 Bg7 5. d3 d6 6. f4 e6 7. Nf3 Nge7 8. O-O
Rb8 9. Be3 Qb6 10. Rb1 Bd7 11. Qd2 Nd4 12. Nh4 f5 13. Nd1 Qa6 14. c3 Qxa2 15.
Nf2 Nb3 16. Qe2 O-O 17. Rfe1 Qa5 18. g4 fxe4 19. dxe4 d5 20. e5 d4 21. Bd2 Bb5
22. Qd1 Qa2 23. cxd4 Rbd8 24. Nf3 Nd5 25. f5 cxd4 26. f6 Ne3 27. fxg7 Kxg7 28.
Ra1 Nxa1 29. Qxa1 Qxa1 30. Rxa1 Nxg2 31. Kxg2 Bc6 32. Ra3 Rxf3 33. Rxf3 Rf8 0-1

[Event "Oregon Closed Championship"]
[Site "Portland, OR"]
[Date "2016.02.14"]
[Round "7"]
[White "Smail, Benedict A"]
[Black "Gatica, Jose Miguel"]
[Result "1-0"]
[WhiteElo "2091"]
[BlackElo "2125"]
[PlyCount "185"]
[EventDate "2016.02.06"]
[EventType "tourn"]
[EventRounds "9"]
[EventCountry "USA"]

1. d4 Nf6 2. c4 e6 3. g3 c5 4. Nf3 b6 5. Bg2 Bb7 6. O-O cxd4 7. Nxd4 Bxg2 8.
Kxg2 Be7 9. Nc3 O-O 10. Bf4 d5 11. Ndb5 a6 12. Nc7 Ra7 13. cxd5 Rxc7 14. d6 Rd7
15. dxe7 Qxe7 16. Qb3 b5 17. Rfd1 Nc6 18. Rxd7 Qxd7 19. Rd1 Qb7 20. Kg1 h6 21.
Rd6 Na5 22. Qd1 Nc4 23. Rd8 Rxd8 24. Qxd8+ Kh7 25. b3 Nb6 26. Qd3+ Kg8 27. Be5
Nbd7 28. Bd4 Qc6 29. f3 Nc5 30. Qe3 Ncd7 31. Qd2 Qd6 32. Be3 Qc6 33. Bf2 Ne5
34. Bd4 Ned7 35. e4 Qd6 36. Be3 Qc6 37. Kg2 Kh7 38. Bf4 Nh5 39. Be3 Nhf6 40.
Qd4 Kg8 41. h3 Qc7 42. Ne2 Qc2 43. Qd2 Qc7 44. Qc3 Qd6 45. Qc8+ Kh7 46. Qc2 Kg8
47. Bf4 Qb6 48. Qc8+ Nf8 49. Qc7 Qxc7 50. Bxc7 Ne8 51. Ba5 Nd7 52. Kf2 f6 53.
Nd4 Kf7 54. Nc6 e5 55. Nb4 Nc5 56. Bb6 Nd7 57. Ba7 Nc7 58. Be3 Ke6 59. Ke2 Kd6
60. Nd3 Kc6 61. Kd2 Ne6 62. Nb4+ Kb7 63. Nd5 Nc7 64. Ne7 Ne6 65. g4 Ndf8 66. h4
Nh7 67. Kc3 Nhf8 68. a3 Nd7 69. Kb4 Nb8 70. Nf5 Nc6+ 71. Kc3 Kc7 72. a4 bxa4
73. bxa4 Kd7 74. Kc4 Ne7 75. Nxe7 Kxe7 76. Kb4 Kd7 77. Ka5 Nc7 78. Bb6 Ne6 79.
Kxa6 Kc6 80. Ka5 Nf4 81. Be3 Nd3 82. Bd2 Kc5 83. h5 Kc6 84. Bb4 Nb2 85. Bf8
Nc4+ 86. Kb4 Nd2 87. Bxg7 Nxf3 88. Bxf6 Nh2 89. g5 Ng4 90. Bg7 hxg5 91. h6 Nxh6
92. Bxh6 g4 93. Be3 1-0

[Event "Oregon Closed Championship"]
[Site "Portland, OR"]
[Date "2016.02.14"]
[Round "8"]
[White "Pendergast, Michael J"]
[Black "Smail, Benedict A"]
[Result "1/2-1/2"]
[WhiteElo "2162"]
[BlackElo "2091"]
[PlyCount "87"]
[EventDate "2016.02.06"]
[EventType "tourn"]
[EventRounds "9"]
[EventCountry "USA"]

1. d4 Nf6 2. Bg5 Ne4 3. Bf4 d5 4. e3 Bf5 5. Bd3 e6 6. f3 Nd6 7. c3 Nc6 8. Bxf5
Nxf5 9. Qd3 g5 10. Bg3 h5 11. Nd2 g4 12. Bf2 Bg7 13. e4 Nfe7 14. O-O-O Qd7 15.
Ne2 O-O-O 16. Nb3 b6 17. Qa6+ Kb8 18. Kb1 Qc8 19. Qa4 Qb7 20. c4 dxc4 21. Qxc4
Ka8 22. Rc1 Rd7 23. Rhd1 Bh6 24. Rc2 Rhd8 25. Qb5 e5 26. d5 Nb8 27. Rf1 gxf3
28. gxf3 c6 29. dxc6 Nbxc6 30. a3 Rd1+ 31. Rxd1 Rxd1+ 32. Ka2 Qd7 33. Nc3 Qd3
34. Qxd3 Rxd3 35. Nd5 Rxf3 36. Bh4 Bf8 37. Bg3 Kb7 38. Nd2 Rd3 39. Nc4 Nxd5 40.
exd5 Rxd5 41. Rf2 Nd8 42. Nxe5 Bd6 43. Nxf7 Bxg3 44. Nxd8+ 1/2-1/2

[Event "Oregon Closed Championship"]
[Site "Portland, OR"]
[Date "2016.02.14"]
[Round "8"]
[White "Gatica, Jose Miguel"]
[Black "Morris, Michael J"]
[Result "1-0"]
[WhiteElo "2125"]
[BlackElo "2176"]
[PlyCount "85"]
[EventDate "2016.02.06"]
[EventType "tourn"]
[EventRounds "9"]
[EventCountry "USA"]

1. Nf3 Nf6 2. c4 g6 3. g3 Bg7 4. Bg2 O-O 5. O-O d6 6. Nc3 e5 7. d3 Nc6 8. a3 h6
9. Rb1 Be6 10. b4 a6 11. Bd2 Qd7 12. Qc1 Kh7 13. b5 axb5 14. Nxb5 Rab8 15. e3
Bh3 16. Rd1 Bxg2 17. Kxg2 Nh5 18. d4 e4 19. Ng1 f5 20. Bc3 Rf7 21. d5 Ne5 22.
Bxe5 Bxe5 23. Nd4 f4 24. Ne6 fxg3 25. hxg3 b6 26. Qc2 Nf6 27. Nh3 Ra8 28. Rh1
Kg8 29. Nhf4 Bxf4 30. exf4 Rh7 31. Qc3 Qf7 32. Nxc7 Qxc7 33. Qxf6 Qxc4 34.
Qxg6+ Rg7 35. Qe6+ Rf7 36. Qxh6 Qd4 37. Qg6+ Rg7 38. Qxd6 Qd3 39. Qe6+ Rf7 40.
Qg4+ Rg7 41. Qd1 Qc3 42. Rxb6 e3 43. Qb3 1-0

[Event "Oregon Closed Championship"]
[Site "Portland, OR"]
[Date "2016.02.14"]
[Round "8"]
[White "Austin, Jeff Jack"]
[Black "Talyansky, Seth"]
[Result "0-1"]
[WhiteElo "2008"]
[BlackElo "2066"]
[PlyCount "50"]
[EventDate "2016.02.06"]
[EventType "tourn"]
[EventRounds "9"]
[EventCountry "USA"]

1. d4 d5 2. c4 c6 3. Nf3 Nf6 4. Nc3 e6 5. e3 Nbd7 6. Qc2 Bd6 7. Bd3 O-O 8. O-O
dxc4 9. Bxc4 Qe7 10. a3 b6 11. e4 e5 12. d5 cxd5 13. Bxd5 Rb8 14. Rd1 Ba6 15.
Be3 Bc5 16. Qa4 Bxe3 17. Qxa6 Nc5 18. Qe2 Bh6 19. b4 Ne6 20. Bb3 Nf4 21. Qb5
Rbc8 22. Nd5 N6xd5 23. exd5 Qd6 24. Re1 Rc3 25. Rab1 Rxf3 0-1

[Event "Oregon Closed Championship"]
[Site "Portland, OR"]
[Date "2016.02.14"]
[Round "8"]
[White "Haessler, Carl A"]
[Black "Bjorksten, Lennart"]
[Result "1/2-1/2"]
[WhiteElo "2239"]
[BlackElo "2155"]
[PlyCount "94"]
[EventDate "2016.02.06"]
[EventType "tourn"]
[EventRounds "9"]
[EventCountry "USA"]

1. c4 Nf6 2. g3 c6 3. Bg2 d5 4. Nf3 Bg4 5. O-O Nbd7 6. d4 e6 7. b3 Bd6 8. Bb2
Bxf3 9. Bxf3 h5 10. Nc3 h4 11. cxd5 exd5 12. e4 dxe4 13. Re1 hxg3 14. hxg3 Kf8
15. Nxe4 Nxe4 16. Bxe4 Nf6 17. Qf3 Qa5 18. d5 cxd5 19. Bxf6 dxe4 20. Rxe4 Rh6
21. Bc3 Qh5 22. Qxh5 Rxh5 23. Rd1 Rd8 24. Rg4 Rh7 25. Bb4 Rh6 26. Rgd4 Ke7 27.
Kg2 Re6 28. f4 g6 29. Kf3 f5 30. g4 b6 31. a4 a5 32. Ba3 Rf6 33. g5 Re6 34. Rd5
Rd7 35. R5d2 Rd8 36. Bb2 Rc8 37. Bf6+ Kd7 38. Rh2 Kc6 39. Rh6 Rg8 40. Rh7 Re4
41. Rd4 Rxd4 42. Bxd4 Bc5 43. Be5 Bd6 44. Rf7 Kc5 45. Rf6 Be7 46. Re6 Bd8 47.
Bc3 Bc7 1/2-1/2

[Event "Oregon Closed Championship"]
[Site "Portland, OR"]
[Date "2016.02.15"]
[Round "9"]
[White "Haessler, Carl A"]
[Black "Pendergast, Michael J"]
[Result "1/2-1/2"]
[WhiteElo "2239"]
[BlackElo "2162"]
[PlyCount "55"]
[EventDate "2016.02.06"]
[EventType "tourn"]
[EventRounds "9"]
[EventCountry "USA"]

1. c4 c5 2. g3 Nf6 3. Bg2 d5 4. cxd5 Nxd5 5. Nc3 Nc7 6. Nf3 Nc6 7. O-O e5 8. d3
Be7 9. Be3 f6 10. Nd2 Nd4 11. Rc1 O-O 12. Na4 Nce6 13. Nb3 Kh8 14. Naxc5 Nxc5
15. Nxc5 Qa5 16. Bxd4 exd4 17. Qa4 Qb6 18. Qxd4 Rd8 19. Qe3 Bxc5 20. Rxc5 Qxb2
21. Qe7 Bg4 22. Rc7 Rg8 23. e3 Be2 24. Rxb7 Qxa2 25. Rc1 Bxd3 26. Rd7 Bf5 27.
Rdc7 Rac8 28. h4 1/2-1/2

[Event "Oregon Closed Championship"]
[Site "Portland, OR"]
[Date "2016.02.15"]
[Round "9"]
[White "Bjorksten, Lennart"]
[Black "Austin, Jeff Jack"]
[Result "1/2-1/2"]
[WhiteElo "2155"]
[BlackElo "2008"]
[PlyCount "193"]
[EventDate "2016.02.06"]
[EventType "tourn"]
[EventRounds "9"]
[EventCountry "USA"]

1. d4 d5 2. Nf3 Nf6 3. Bf4 c5 4. e3 Nc6 5. c3 Qb6 6. b3 Nh5 7. Bg3 Nxg3 8. hxg3
Bf5 9. Bd3 Bxd3 10. Qxd3 g6 11. Nbd2 cxd4 12. Nxd4 Bg7 13. Rc1 O-O 14. Ke2 Ne5
15. Qb5 Qd6 16. c4 dxc4 17. Nxc4 Nxc4 18. Rxc4 e5 19. Nf3 Rfd8 20. Rcc1 e4 21.
Nd4 Bxd4 22. exd4 Qxd4 23. Rhd1 Qb2+ 24. Ke1 e3 25. Qe2 exf2+ 26. Kxf2 Qf6+ 27.
Qf3 Qb2+ 28. Qe2 Qf6+ 29. Qf3 Qb6+ 30. Qe3 Qa5 31. a4 Re8 32. Qc5 Qa6 33. Re1
Qd3 34. Qc4 Qd2+ 35. Kf1 Rad8 36. Qb5 Rxe1+ 37. Rxe1 Qd3+ 38. Qxd3 Rxd3 39. b4
Rb3 40. Re4 Kg7 41. Kf2 h5 42. g4 hxg4 43. Rxg4 Kf6 44. Re4 b6 45. Rc4 Ke6 46.
Rc7 Rxb4 47. Rxa7 f5 48. a5 bxa5 49. Rxa5 Kf6 50. Kf3 Kg5 51. g3 Rb3+ 52. Kg2
Re3 53. Kh3 Re4 54. Rb5 Kf6 55. Rb6+ Re6 56. Rb5 g5 57. Kg2 g4 58. Ra5 Rd6 59.
Rb5 Ke6 60. Rb2 Rd4 61. Re2+ Re4 62. Ra2 Rd4 63. Re2+ Kd5 64. Re8 Rd2+ 65. Kg1
Kd4 66. Kf1 Rb2 67. Re7 Rb3 68. Kf2 Rf3+ 69. Kg2 Kd3 70. Re5 Kd4 71. Re8 Rc3
72. Rd8+ Ke3 73. Re8+ Kd2 74. Re5 Rf3 75. Ra5 Ke3 76. Ra3+ Ke4 77. Ra4+ Ke5 78.
Ra5+ Kf6 79. Ra6+ Kg5 80. Ra5 Rb3 81. Rc5 Rb4 82. Ra5 Re4 83. Rb5 Kf6 84. Ra5
Rd4 85. Rb5 Ke6 86. Ra5 Rd2+ 87. Kg1 Rd5 88. Ra2 f4 89. gxf4 Kf5 90. Ra4 Rd3
91. Kg2 Rf3 92. Rb4 Rxf4 93. Rxf4+ Kxf4 94. Kf2 g3+ 95. Kg2 Kg4 96. Kg1 Kf3 97.
Kf1 1/2-1/2

[Event "Oregon Closed Championship"]
[Site "Portland, OR"]
[Date "2016.02.15"]
[Round "9"]
[White "Talyansky, Seth"]
[Black "Russell, Corey John"]
[Result "1/2-1/2"]
[WhiteElo "2066"]
[BlackElo "2207"]
[PlyCount "106"]
[EventDate "2016.02.06"]
[EventType "tourn"]
[EventRounds "9"]
[EventCountry "USA"]

1. e4 c5 2. Nf3 d6 3. d4 cxd4 4. Nxd4 Nf6 5. Nc3 a6 6. Be2 e5 7. Nb3 Be6 8. a4
b6 9. O-O Be7 10. f4 Qc7 11. Be3 Nbd7 12. Nd5 Bxd5 13. exd5 O-O 14. c4 a5 15.
Nd2 Nc5 16. Ra3 Nfd7 17. f5 Bf6 18. Qc2 Rae8 19. Ne4 Nxe4 20. Qxe4 Qd8 21. Qg4
e4 22. Bf4 Be5 23. Rg3 g6 24. Bg5 f6 25. Bh6 Bxg3 26. fxg6 Bxh2+ 27. Kxh2 Re7
28. gxh7+ Kh8 29. Bxf8 Qxf8 30. Rf5 Rxh7+ 31. Rh5 Qf7 32. Rxh7+ Qxh7+ 33. Kg1
Nc5 34. Qc8+ Qg8 35. Qh3+ Qh7 36. Qc8+ Qg8 37. Qh3+ Qh7 38. Qg3 Nb7 39. Bg4 f5
40. Bh3 Qe7 41. Bxf5 Nc5 42. Qh3+ Kg7 43. Qh7+ Kf8 44. Qh8+ Kf7 45. Qh5+ Kf8
46. Qh6+ Ke8 47. Qh8+ Kf7 48. Qh5+ Kf8 49. Qh6+ Ke8 50. Be6 Qf8 51. Qh5+ Ke7
52. Qh4+ Qf6 53. Qh7+ Ke8 1/2-1/2

[Event "Oregon Closed Championship"]
[Site "Portland, OR"]
[Date "2016.02.15"]
[Round "9"]
[White "Morris, Michael J"]
[Black "Smail, Benedict A"]
[Result "0-1"]
[WhiteElo "2176"]
[BlackElo "2091"]
[PlyCount "184"]
[EventDate "2016.02.06"]
[EventType "tourn"]
[EventRounds "9"]
[EventCountry "USA"]

1. e4 c5 2. Nf3 d6 3. d4 cxd4 4. Nxd4 Nf6 5. Nc3 g6 6. Be3 Bg7 7. f3 Nc6 8. Qd2
O-O 9. g4 Nxd4 10. Bxd4 Qa5 11. g5 Nh5 12. Bxg7 Kxg7 13. Bc4 Qc5 14. Bb3 Be6
15. O-O-O b5 16. f4 a5 17. Rhf1 Bxb3 18. axb3 a4 19. bxa4 b4 20. Ne2 Rxa4 21.
Qd4+ Qxd4 22. Nxd4 Ra1+ 23. Kd2 Ra2 24. Kc1 Rc8 25. Nb3 Rc4 26. Kb1 Ra7 27. Rd4
Rac7 28. Rxc4 Rxc4 29. Nd2 Rd4 30. Kc1 d5 31. c3 bxc3 32. bxc3 Rd3 33. Kc2 dxe4
34. Nxe4 Re3 35. Ng3 Nxg3 36. hxg3 Rxg3 37. c4 f6 38. gxf6+ Kxf6 39. c5 Ke6 40.
Re1+ Kd7 41. c6+ Kxc6 42. Rxe7 Rh3 43. Kd2 Kd6 44. Re8 Rh5 45. Ke3 Rf5 46. Re4
Rf7 47. Kf3 Re7 48. Ra4 Ke6 49. Ra6+ Kf7 50. Kg4 Rb7 51. Rc6 Kg7 52. Ra6 Rf7
53. Ra5 Re7 54. f5 Re4+ 55. Kf3 Rb4 56. fxg6 hxg6 57. Ra3 Kh6 58. Kg3 Rd4 59.
Kg2 Rd1 60. Rb3 Kg5 61. Ra3 Rd4 62. Rb3 Kf4 63. Rf3+ Kg4 64. Rg3+ Kf5 65. Ra3
Re4 66. Rb3 Kg4 67. Rg3+ Kh5 68. Ra3 Re2+ 69. Kf1 Rb2 70. Kg1 Kg4 71. Rc3 Kf4
72. Ra3 Re2 73. Kf1 Re3 74. Ra8 Kg3 75. Rg8 Re6 76. Rg7 Rf6+ 77. Ke2 Kg4 78.
Rg8 g5 79. Rg7 Kh4 80. Rg8 g4 81. Rg7 Kh3 82. Rg8 g3 83. Ke3 Kh2 84. Rg7 g2 85.
Rh7+ Kg1 86. Ke2 Re6+ 87. Kd2 Re5 88. Rh8 Kf2 89. Rf8+ Kg3 90. Rg8+ Kf3 91. Rg7
Re4 92. Kd3 Rg4 0-1

[Event "Oregon Closed Invitational"]
[Site "Portland, OR"]
[Date "2016.02.06"]
[Round "1"]
[White "Jacobi, Gunther"]
[Black "Rachmuth, Moshe Shai"]
[Result "0-1"]
[WhiteElo "1941"]
[BlackElo "1882"]
[PlyCount "106"]
[EventDate "2016.02.06"]
[EventType "tourn"]
[EventRounds "9"]
[EventCountry "USA"]

1. Nc3 Nf6 2. e4 d6 3. d4 g6 4. Nf3 Bg7 5. h3 c6 6. a4 Nbd7 7. e5 dxe5 8. dxe5
Nd5 9. Nxd5 cxd5 10. Qxd5 Nxe5 11. Bb5+ Nc6 12. Qxd8+ Kxd8 13. O-O Kc7 14. Re1
Bf6 15. Bf4+ Kb6 16. Ng5 Bxg5 17. Bxg5 Be6 18. c3 a6 19. Bf1 Rad8 20. b4 Rd7
21. Be3+ Kc7 22. b5 Nb8 23. c4 Rc8 24. Rec1 Kd8 25. c5 axb5 26. axb5 Ke8 27.
Ra8 Rdc7 28. Bf4 Nd7 29. Bxc7 Rxa8 30. c6 bxc6 31. bxc6 Nf6 32. Be5 Ne4 33. c7
Nd6 34. Rb1 Rc8 35. Rb8 Kd7 36. Ba6 Kxc7 37. Rxc8+ Bxc8 38. Bxc8 Kxc8 39. Bxd6
exd6 40. Kf1 Kd7 41. Ke2 Ke6 42. Ke3 Ke5 43. Kd3 Kd5 44. Ke3 Kc4 45. Kd2 Kd4
46. Kc2 f6 47. Kd2 h6 48. f3 f5 49. g3 g5 50. g4 f4 51. Ke2 Kc3 52. Ke1 Kc2 53.
Ke2 d5 0-1

[Event "Oregon Closed Invitational"]
[Site "Portland, OR"]
[Date "2016.02.06"]
[Round "1"]
[White "Sherrard, Jerry"]
[Black "Heywood, Bill"]
[Result "1/2-1/2"]
[WhiteElo "2051"]
[BlackElo "2048"]
[PlyCount "33"]
[EventDate "2016.02.06"]
[EventType "tourn"]
[EventRounds "9"]
[EventCountry "USA"]

1. e4 c6 2. d4 d5 3. Nc3 dxe4 4. Nxe4 Bf5 5. Ng3 Bg6 6. h4 h6 7. Nf3 Nd7 8. Bd3
Bxd3 9. Qxd3 e6 10. Bf4 Ngf6 11. O-O-O Be7 12. Kb1 O-O 13. Ne4 Nxe4 14. Qxe4
Nf6 15. Qe2 Qd5 16. Ne5 Qe4 17. Qxe4 1/2-1/2

[Event "Oregon Closed Invitational"]
[Site "Portland, OR"]
[Date "2016.02.06"]
[Round "1"]
[White "Koontz, Carl A"]
[Black "Surak, Steve S"]
[Result "1-0"]
[WhiteElo "1936"]
[BlackElo "1960"]
[PlyCount "129"]
[EventDate "2016.02.06"]
[EventType "tourn"]
[EventRounds "9"]
[EventCountry "USA"]

1. c4 e6 2. g3 d5 3. Bg2 c5 4. Nf3 Nc6 5. O-O Nf6 6. d3 Be7 7. cxd5 exd5 8. h3
O-O 9. a3 h6 10. Bd2 Be6 11. e3 Rc8 12. d4 c4 13. Bc3 b5 14. Ne5 Nxe5 15. dxe5
Ne4 16. Nd2 Nxc3 17. bxc3 Bc5 18. Nf3 Qc7 19. Qc2 Qd7 20. Kh2 Bf5 21. Qd2 Rfd8
22. Nd4 Bd3 23. Rfd1 a6 24. Bf1 Bxf1 25. Rxf1 Qe7 26. f4 Bxa3 27. Qa2 b4 28.
cxb4 Bxb4 29. Qxa6 Qc5 30. Nf5 c3 31. e6 c2 32. exf7+ Kf8 33. Qg6 Qc3 34. Nxh6
Qf6 35. Qxf6 gxf6 36. Nf5 Ba3 37. Rxa3 c1=Q 38. Rxc1 Rxc1 39. Kg2 Rc7 40. Kf3
Kxf7 41. g4 Rb8 42. Ra5 Rd7 43. h4 Rb3 44. Nd4 Rd3 45. h5 Rd1 46. Ra2 Rc7 47.
Nf5 Rf1+ 48. Kg2 Rb1 49. Rd2 Rc5 50. Ra2 Rcb5 51. Ra7+ Kf8 52. Ra8+ Rb8 53.
Rxb8+ Rxb8 54. g5 fxg5 55. fxg5 Kf7 56. Kf3 Rb1 57. Kf4 Rh1 58. g6+ Kf6 59. g7
Rf1+ 60. Kg3 Kf7 61. Kg4 Rg1+ 62. Kf4 Rf1+ 63. Ke5 Kg8 64. h6 Kh7 65. Ne7 1-0

[Event "Oregon Closed Invitational"]
[Site "Portland, OR"]
[Date "2016.02.06"]
[Round "1"]
[White "Deeth, Steven B"]
[Black "Freeze, Gregory"]
[Result "1-0"]
[WhiteElo "2062"]
[BlackElo "2048"]
[PlyCount "87"]
[EventDate "2016.02.06"]
[EventType "tourn"]
[EventRounds "9"]
[EventCountry "USA"]

1. d4 Nf6 2. c4 e6 3. Nc3 Bb4 4. e3 O-O 5. Nge2 d5 6. a3 Bd6 7. Ng3 a6 8. c5
Be7 9. b4 Nbd7 10. Bb2 Re8 11. f4 Nf8 12. Bd3 N6d7 13. O-O f5 14. b5 axb5 15.
Bxb5 c6 16. Bd3 b6 17. cxb6 Qxb6 18. Qd2 Ba6 19. Bxa6 Rxa6 20. Rfb1 Rea8 21.
Nge2 Qc7 22. a4 Nb6 23. Qc2 Nc4 24. Bc1 Nd7 25. Ra2 Nf6 26. h3 Nd7 27. Kf2 Qa7
28. g4 fxg4 29. hxg4 Rf8 30. Kg3 Rb6 31. Rxb6 Qxb6 32. e4 c5 33. exd5 cxd4 34.
dxe6 Qxe6 35. Nxd4 Qe1+ 36. Kg2 Bh4 37. Ne4 Ne3+ 38. Bxe3 Qxe3 39. Qc4+ Kh8 40.
Nf5 Rxf5 41. gxf5 Nb6 42. Qe6 h5 43. Qe8+ Kh7 44. Ng5+ 1-0

[Event "Oregon Closed Invitational"]
[Site "Portland, OR"]
[Date "2016.02.06"]
[Round "2"]
[White "Freeze, Gregory"]
[Black "Koontz, Carl A"]
[Result "1/2-1/2"]
[WhiteElo "2048"]
[BlackElo "1936"]
[PlyCount "132"]
[EventDate "2016.02.06"]
[EventType "tourn"]
[EventRounds "9"]
[EventCountry "USA"]

1. e4 g6 2. d4 Bg7 3. Nc3 c6 4. Be3 d5 5. f3 a6 6. Qd2 b5 7. h4 h5 8. Nh3 Bxh3
9. Rxh3 e6 10. e5 Bh6 11. f4 Ne7 12. Bf2 Nd7 13. Ne2 Nf5 14. a4 Bf8 15. c3 Be7
16. g3 Nb6 17. axb5 axb5 18. Rxa8 Qxa8 19. b3 Kd7 20. Qb2 b4 21. Rh1 Qa5 22.
Kd2 c5 23. cxb4 Qxb4+ 24. Qc3 c4 25. Qxb4 Bxb4+ 26. Kc2 Ra8 27. bxc4 Nxc4 28.
Nc1 Nfe3+ 29. Bxe3 Nxe3+ 30. Kb3 Rb8 31. Ka4 Bd2 32. Bb5+ Kc7 33. Nd3 Kb6 34.
Rb1 Kc7 35. Nc5 Kd8 36. Rb2 Nc4 37. Rc2 Be1 38. Bxc4 dxc4 39. Rxc4 Bxg3 40. Nd3
Ra8+ 41. Kb5 Bxh4 42. d5 Rb8+ 43. Ka6 exd5 44. Rd4 Ke8 45. f5 Bg3 46. fxg6 fxg6
47. Ka7 Rd8 48. Kb7 h4 49. Rg4 Kf7 50. Kc6 Kg7 51. Nf4 Re8 52. e6 Bf2 53. Kd7
Rb8 54. Nd3 Bg3 55. Nf4 Bxf4 56. Rxf4 Rb7+ 57. Kc6 Ra7 58. Kd6 g5 59. Rf1 g4
60. e7 Rxe7 61. Kxe7 Kg6 62. Ke6 h3 63. Rf8 Kg5 64. Ke5 h2 65. Rg8+ Kh4 66. Kf4
Kh3 1/2-1/2